| 000 | 01197nam a2200241Ia 4500 | ||
|---|---|---|---|
| 003 | OSt | ||
| 005 | 20210514101424.0 | ||
| 008 | 210310s1994 cl gr 000 0 spa d | ||
| 040 |
_aCO-JMCR _cCO-JMCR |
||
| 041 | 0 | _aspa | |
| 082 | 0 | 4 |
_a330.983 / _bB152m _223 |
| 110 | 2 |
_aBanco Interamericano de Desarrollo _96750 |
|
| 245 | 1 | 0 |
_aModernizar con todos : _bHacia la integración de los social y lo económico en Chile / _cBanco Interamericano de Desarrollo |
| 260 |
_aChile : _bBanco Interamericano de Desarrollo, _c1994. |
||
| 300 |
_a[224] páginas ; _c28 cm. |
||
| 500 | _aIncluye índices. | ||
| 504 | _aBibliografía : páginas [221-224]. | ||
| 505 | _aLa eficacia social de la macroeconomía. -- Aumentar la productividad: desafío prioritario para continuar avanzando en los social. -- Invertir en la gente I: hacia una educación relevante y de buena calidad. -- Invertir en la gente ii: un sistema de salud más eficaz, eficiente y equitativo. -- Más cerca de la gente. -- Un estado capaz de encarar el futuro. -- | ||
| 650 | 1 | 4 |
_aIntegración social _xEconomía _zChile _937623 |
| 650 | 2 | 4 |
_aEconomía _zChile _937624 |
| 650 | 2 | 4 |
_aReforma social _zChile. _937625 |
| 942 |
_2ddc _cBK |
||
| 999 |
_c11724 _d11724 |
||